| 000 | 01117nam a2200265Ia 4500 | ||
|---|---|---|---|
| 003 | OSt | ||
| 005 | 20221005105656.0 | ||
| 006 | a|||||r|||| 00| 0 | ||
| 007 | ta | ||
| 008 | 221004b |||||||| |||| 00| 0 hin d | ||
| 020 |
_a818143370X (hbk) _c300 |
||
| 024 | _a16375 | ||
| 037 |
_bCBS/247, 28/01/2015, Classic Book Service _cTextual |
||
| 040 |
_aCRL _cCRL _bhin |
||
| 041 |
_2hin _ahin |
||
| 082 | _aQ224:45.25296, 152P5 | ||
| 100 | _aनंदी, आशिस | ||
| 245 | 0 |
_aराष्ट्रवाद का अयोध्या कांड _b रामजन्मभूमि आंदोलन और आत्म- भय की राजनीति |
|
| 246 | _aRāṣhṭravād kā ayodhyā kāanḍa: rāmajanmabhūmi āandolan aur ātma- bhaya kī rājanīti | ||
| 260 |
_aनई दिल्ली _bवाणी प्रकाशन भारत _c2005 |
||
| 300 |
_a268पृ0 _ccm. |
||
| 650 | _aधर्म | ||
| 942 |
_hQ224:45.25296, 152P5 _cTEXL _2cc |
||
| 999 |
_c1016537 _d1016537 |
||